000 00559nam a2200193Ia 4500
005 20250326141720.0
008 250326s9999 xx 000 0 und d
020 _a1-85043-141-8
037 _aTextbook
040 _aFMSL
_beng
_cFMSL
041 _aeng
_2eng
084 _aX.58 M9
_qFMSL
100 _aDesia Padma
_9744947
245 0 _aPerestorika in perspective :Design and dilemmas of soviet reform
_cDesia Padma
260 _aLondon
_bLondon, I B Tauris
_c1969
300 _aviii,138
942 _cTB
_hX.58 M9
999 _c1291624
_d1291624